Normal view
MARC view
Entry Topical Term
001 - CONTROL NUMBER
- control field: 934
003 - CONTROL NUMBER IDENTIFIER
- control field: PK-LaUMT
005 - DATE AND TIME OF LATEST TRANSACTION
- control field: 20240723111453.0
008 - FIXED-LENGTH DATA ELEMENTS
- fixed length control field: 240723|| aca||aabn | a|a d
040 ## - CATALOGING SOURCE
- Original cataloging agency: PK-LaUMT
- Transcribing agency: PK-LaUMT
150 ## - HEADING--TOPICAL TERM
- Topical term or geographic name as entry element: Human nutrition
670 ## - SOURCE DATA FOUND
- Source citation: Work cat.: (PK-LaUMT)134551: Eastwood,Martin 933, Principles of human nutrition /, 2003
